Ordenanza General de Urbanismo y Construcciones

Guardat en:
Dades bibliogràfiques
Format: Llibre
Idioma:espanyol
Publicat: Santiago División Técnica de Estudio y Fomento Habitacional 1992
Col·lecció:Monografías y Ensayos. Serie VII Cuerpos Legales y Reglamentarios
Matèries:
Etiquetes: Afegir etiqueta
Sense etiquetes, Sigues el primer a etiquetar aquest registre!

MARC

LEADER 00000nam a2200000 a 4500
001 UCV5957
003 CL-VaPUC
008 921021e19920000CL |||||||||||||||||spa|d
082 0 4 |a 346.83045  |b ORD  |2 21 
245 1 0 |a Ordenanza General de Urbanismo y Construcciones 
300 |a 199 p 
942 |c BK 
945 |d 19921021 00:00:00 
260 |a Santiago  |b División Técnica de Estudio y Fomento Habitacional  |c 1992 
500 |a Esta ordenanza general entra en vigencia el dia 16 de septiembre de 1992. Contiene el texto oficial, aprobado por Decreto Supremo No. 47 de 1992, publicada en el Diario Oficial del 19 de mayo de 1992 
650 0 |a Construcción  |9 260195 
650 0 |a Derecho y legislación   |9 255077 
650 0 |a Urbanismo  |9 255208 
651 7 |a CHILE  |2 CL-VaPUC  |9 300191 
583 |a last modification  |c 19921021 00:00:00  |k Rodrigo Vera 
490 0 |a Monografías y Ensayos. Serie VII Cuerpos Legales y Reglamentarios 
999 |c 212240  |d 212238 
952 |0 0  |1 0  |4 0  |6 346_830450000000000_ORD_1992  |7 0  |8 F  |9 192858  |a BIBING  |b BIBING  |d 2019-11-14  |i 2605031  |o 346.83045 ORD 1992  |p 2605031  |r 2025-01-20  |w 2019-11-14  |y BK_F  |k CCL